[Event "GER-ch U08"]
[Site "Willingen"]
[Date "2023.06.02"]
[Round "6"]
[White "Dold, Emil"]
[Black "Schubert, Ben"]
[Result "1-0"]
[WhiteElo "1113"]
[BlackElo "1049"]
[PlyCount "53"]
[EventDate "2023.05.30"]
[EventType "swiss"]
[EventRounds "7"]
[EventCountry "GER"]
[SourceTitle "CBM 214 Extra"]
[Source "ChessBase"]
[SourceDate "2023.07.31"]
[SourceVersion "1"]
[SourceVersionDate "2023.07.31"]
[SourceQuality "1"]

1. e4 e5 2. Nf3 Nc6 3. Bc4 Bc5 4. c3 Nf6 5. d4 exd4 6. 0-0 Nxe4 7. cxd4 d5 8. dxc5 dxc4 9. Qxd8+ Nxd8 10. Re1 Bf5 11. Nc3 0-0 12. Nxe4 Re8 13. Nf6+ gxf6 14. Rxe8+ Kg7 15. Nd4 Bd7 16. Re7 Bc6 17. Nf5+ Kf8 18. Bh6+ Kg8 19. Rae1 Ne6 20. Re3 Rd8 21. h3 Rd1+ 22. Kh2 Rd2 23. Rg3+ Kh8 24. Bxd2 b6 25. Nh6 Ng7 26. Rxf7 Bxg2 27. Rf8# 1-0